000
00292nam a2200109Ia 4500
008
200302s9999 xx 000 0 und d
100
_a
Christopher Tadgell
245
_a
The History of Archtecture in India
260
_b
Architecture Design & Technology Press
260
_c
1990
300
_a
336 P.,
999
_c
840
_d
840